| 000 | 01249nam a2200253Ia 4500 | ||
|---|---|---|---|
| 999 |
_c56661 _d56661 |
||
| 001 | 23783 | ||
| 003 | GE_BSU | ||
| 005 | 20240628115341.0 | ||
| 008 | 181216s1980||||ge |||||||||||||| ||geo|| | ||
| 040 | _cGE_BSU | ||
| 041 | _ageo | ||
| 080 | _a612(075.8) + 591.1(075.8)გ-13 | ||
| 100 |
_aგაბუნია, დავით. _922627 |
||
| 245 |
_aადამიანისა და ცხოველთა ფიზიოლოგია _bსახელმძღვ. პედ. ინ-ტების სტუდ. / _c დავით გაბუნია, თეიმურაზ ნამორაძე, რედ. ი. კალანდია |
||
| 245 | _bსახელმძღვ. პედ. ინ-ტების სტუდ. | ||
| 264 |
_aთბილისი : _bგანათლება, _c1980. |
||
| 300 |
_a297გვ. : _bილ. ; _c 23 სმ. |
||
| 653 | _aადამიანისა და ცხოველთა ფიზიოლოგია | ||
| 653 | _aმედიცინა | ||
| 653 | _aზოოლოგია | ||
| 700 |
_a ნამორაძე, თეიმურაზ _922628 |
||
| 700 |
_aკალანდია, ი _eრედაქტორი _922629 |
||
| 942 |
_cBK _2udc |
||